| 000 | 00614nam a22002057a 4500 | ||
|---|---|---|---|
| 999 |
_c104703 _d104703 |
||
| 005 | 20230317125406.0 | ||
| 010 | _aENG-116608 | ||
| 020 |
_a9789351437925 _c180.00 |
||
| 035 | _aEN-100140 | ||
| 037 | _bDBAD/PUB | ||
| 082 | _a340 | ||
| 100 | _aRosedar S.R.A. | ||
| 245 |
_aJurisprudence / _cBy Rosedar S.R.A. |
||
| 250 | _a2nd ed. | ||
| 260 |
_aGurgaon _bLexisNexis _c2016 |
||
| 270 |
_a14th Floor, Building No.10, Tower-B, DLF Cyber City, Phase-II _bGurgaon _e122002 |
||
| 300 |
_axxii,164p. _c22cm(pbk) |
||
| 490 | _aLexisNexis Q & A quick references guide | ||
| 942 |
_2ddc _cEN _mROS _h340 |
||